| 000 | 02847nam0a22003011 4500 | ||
|---|---|---|---|
| 001 | rc\4286621 | ||
| 005 | 20260407183426.0 | ||
| 021 |
_aRU _bРг3286-53 |
||
| 035 | _a(NLR Aleph) 008494542 | ||
| 090 |
_a8070272 _c8070272 |
||
| 100 | _a20130416d1963 |||y0rusy50 ca | ||
| 101 | 0 | _arus | |
| 102 | _aRU | ||
| 105 | _ay z ||||| | ||
| 200 | 1 | _aОпыт проведения сопоставительного анализа работы доменных печей и себестоимости чугуна на нескольких металлургических заводах | |
| 210 |
_aМосква _cБ. и. _d1963 |
||
| 215 |
_a12 с. _d21 |
||
| 225 | 1 | _aВсесоюзный совет научно-технических обществ (ВСНТО). Комитет экономики и организации производства. Государственный банк СССР. Министерство финансов СССР. Всесоюзный заочный финансово-экономический институт. Материалы Научно-технического совещания по организации и методике экономического анализа работы промышленности предприятий | |
| 333 | _aНа правах рукописи | ||
| 423 | 0 |
_11010#$arus _12001#$aНекоторые вопросы сравнительного анализа уровня механизации на предприятиях угольной промышленности _1700#1$aМеккель$bС.А.$gСара Абрамовна _tНекоторые вопросы сравнительного анализа уровня механизации на предприятиях угольной промышленности _aМеккель, Сара Абрамовна |
|
| 604 |
_150010$aНекоторые вопросы сравнительного анализа уровня механизации на предприятиях угольной промышленности _1700#1$aМеккель$bС.А.$gСара Абрамовна _tНекоторые вопросы сравнительного анализа уровня механизации на предприятиях угольной промышленности _aМеккель, Сара Абрамовна |
||
| 700 | 1 |
_aБарац _bИ.С. _gИсаак Семенович |
|
| 712 | 1 | 2 |
_aВсесоюзное научно-техническое совещание по организации и методике экономического анализа работы промышленных предприятий _d1 _f1963 _eМосква _3RU\NLR\AUTH\8810118932 _9736622 |
| 801 | 0 |
_aRU _bNLR _gpsbo |
|
| 801 | 1 |
_aRU _bELAR _2rusmarc |
|
| 852 |
_aNLR _j63-4/5926 |
||
| 942 | _cBOOK | ||
| 980 | _aNB | ||